Improvement of post-harvest facilities and systems : (Record no. 14956)

000 -LEADER
fixed length control field 00758cam a2200157 a 4500
040 ## - CATALOGING SOURCE
Transcribing agency DLC
082 ## - DEWEY DECIMAL CLASSIFICATION NUMBER
Classification number 633 SOU 1981 A053 Or.
245 10 - TITLE STATEMENT
Title Improvement of post-harvest facilities and systems :
Remainder of title proceedings of the 4th annual Workshop on Grains Post-Harvest Technology, Manila, Philippines, 2O-22 January, 1981 /
260 ## - PUBLICATION, DISTRIBUTION, ETC. (IMPRINT)
Place of publication College, Laguna, Philippines :
Name of publisher Southeast Asia Cooperative Post-Harvest Research and Development Programme, SEARCA,
Year of publication [1981?]
300 ## - PHYSICAL DESCRIPTION
Number of Pages 462 p. :
Other physical details ill. ;
Dimensions 28 cm.
650 #0 - SUBJECT ADDED ENTRY--TOPICAL TERM
Topical Term Grain
710 2# - ADDED ENTRY--CORPORATE NAME
Corporate name or jurisdiction name as entry element National Post-Harvest Institute for Research and Extension (Philippines)
710 2# - ADDED ENTRY--CORPORATE NAME
Corporate name or jurisdiction name as entry element National Food Authority (Philippines)
710 2# - ADDED ENTRY--CORPORATE NAME
Corporate name or jurisdiction name as entry element Southeast Asia Cooperative Post-Harvest Research and Development Programme.
942 ## - ADDED ENTRY ELEMENTS (KOHA)
Koha item type សៀវភៅភាសាអង់គ្លេស
952 ## - LOCATION AND ITEM INFORMATION (KOHA)
Withdrawn status [LOCAL, KOHA] 0
Holdings
Permanent Location Date acquired Koha item type Lost status Shelving location Barcode Current Location Full call number
Library Block A2017-11-01សៀវភៅភាសាអង់គ្លេស A053A12388Library Block A633 SOU 1981 A053 Or.
មជ្ឈមណ្ឌលឯការនៃសាកលវិទ្យាល័យភូមិន្ទកសិកម្មចំការដូង

Powered by Koha